Central Library OPAC University of Rajshahi

নয়া বসত / (Record no. 57394)

MARC details
000 -LEADER
fixed length control field 00794nam a2200229 a 4500
001 - CONTROL NUMBER
control field 57394
003 - CONTROL NUMBER IDENTIFIER
rucl marc code BD-RjUL
005 - DATE AND TIME OF LATEST TRANSACTION
control field 20211209080514.0
008 - FIXED-LENGTH DATA ELEMENTS--GENERAL INFORMATION
fixed length control field 160812s2014 bg ||||| |||| 00| 0 ben d
020 ## - INTERNATIONAL STANDARD BOOK NUMBER
International Standard Book Number 9789849093299
Terms of availability : Tk.300.00
035 ## - SYSTEM CONTROL NUMBER
System control number (BD-RjUL)57518
040 ## - CATALOGING SOURCE
Original cataloging agency BD-RjUL
Language of cataloging ben
Transcribing agency BD-RjUL
Modifying agency BD-RjUL
041 ## - LANGUAGE CODE
Language code of text/sound track or separate title ben
082 ## - DEWEY DECIMAL CLASSIFICATION NUMBER
Edition number 23
Classification number 891.443
Author mark and year SAN 2014
100 ## - MAIN ENTRY--PERSONAL NAME
Personal name সরকার, আবদুল মান্নান
9 (RLIN) 170404
245 10 - TITLE STATEMENT
Title নয়া বসত /
Statement of responsibility, etc. আবদুল মান্নান সরকার
260 ## - PUBLICATION, DISTRIBUTION, ETC. (IMPRINT)
Place of publication, distribution, etc. ঢাকা :
Name of publisher, distributor, etc. মনন প্রকাশ,
Date of publication, distribution, etc. ২০১৪.
300 ## - PHYSICAL DESCRIPTION
Pagination ২০৮ পৃ. ;
Size ২১ সেমি.
650 ## - SUBJECT ADDED ENTRY--TOPICAL TERM
Topical term or geographic name as entry element বাংলা উপন্যাস
9 (RLIN) 170454
Topical term or geographic name as entry element Bengali Fiction
9 (RLIN) 170455
942 ## - ADDED ENTRY ELEMENTS (KOHA)
Source of classification or shelving scheme Dewey Decimal Classification
Koha item type Books
Holdings
Lost status Source of classification or shelving scheme Damaged status Not for loan Collection code Permanent Location Current Location Shelving location Date acquired Source of acquisition Cost, normal purchase price Total Checkouts Full call number Date last seen Copy number Koha item type Date checked out
  Dewey Decimal Classification   Not For Loan Fiction Central Library, University of Rajshahi Central Library, University of Rajshahi Reading Room 14/11/2016 Monon Prokas, Dhaka. 300.00   B 891.443 SAN 2014 08/12/2016 C-1 Books  
  Dewey Decimal Classification     Fiction Central Library, University of Rajshahi Central Library, University of Rajshahi   14/11/2016 Monon Prokas, Dhaka. 300.00   B 891.443 SAN 2014 08/12/2016 C-2 Books  
  Dewey Decimal Classification     Fiction Central Library, University of Rajshahi Central Library, University of Rajshahi   14/11/2016 Dhaka monnon prokashoni 300.00 1 B 891.443 SAN 2014 04/05/2017 C-3 Books 30/04/2017